000 00478cas a22001935a 4500
001 L130972
008 050920d1990 xxkqr p 0 a0eng u
035 _a(Sirsi) u130972
041 0 _aeng
110 2 _aRoyal Institution of Chartered Surveyors
_94900
245 0 0 _aLeofrics
260 _aLondon
_bRICS
_c1990-
362 _a(1) June 1990-(14) 1993
554 _aFour per year
651 4 _aUnited Kingdom
_y
690 _aABOUT RICS
785 0 0 _tInsider
942 _n0
999 _c118826
_d118826